Márgenes de la filosofía /

Guardado en:
Autor Principal: Derrida, Jacques
Otros Autores: González Marín, Carmen, trad.
Formato: Libro
Publicado: Madrid : Cátedra
Edición:4a. ed.
Series:Teorema. Serie Mayor
Materias:
Etiquetas: Agregar Etiqueta
Sin Etiquetas, Sea el primero en etiquetar este registro!
LEADER 00603nam a22002055a 4500
001 CEM.cems011783
005 20070628191406.0
008 130507b######################000#0#####d
003 CEMS
020 |a 8437608619 
082 0 4 |a 401 
100 1 |a Derrida, Jacques 
245 1 0 |a Márgenes de la filosofía /  |c Jacques Derrida ; traducido Por Carmen González Marín 
250 |a 4a. ed. 
260 |a Madrid :  |b Cátedra 
300 |a 372 p. 
490 0 |a Teorema. Serie Mayor 
653 |a Filosofía 
700 1 |a González Marín, Carmen, trad. 
859 |a CEMS  |b BIB. CEMS - 11 de abril  |h 401  |i D448a4  |p 22732.05  |t Ej.1